000
00274nam a2200121 a 4500
008
100916s1969|||| d
245
1
0
_a
Kto hrá sám...
100
1
_a
Dolci, Danilo
260
_b
Epocha
_a
Bratislava
_c
1969
020
_c
22
044
_a
xo
_c
SK
041
_a
slo
999
_c
10369
_d
10369